Cartilla Impuesto al valor agregado 2016

Detalles Bibliográficos
Autor principal: Zuluaga Potes, Jorge Hernǹ
Formato: Libro
Lenguaje:español
Publicado: Colombia ECOE 2016
Materias:
Acceso en línea:Acceso restringido

MARC

LEADER 00000nam a22000007a 4500
005 20160510113814.0
007 cr|||| ||u|
008 160510s2016 ck ||||| |||| 00||0 spa d
020 |a 978-958-771-328-2 
035 |a 14117 
040 |a vLex  
090 |c 6059  |d 6059 
100 1 |a Zuluaga Potes, Jorge Hernǹ 
245 1 0 |a Cartilla Impuesto al valor agregado 2016  |h [Recurso electrn̤ico] /   |c Jorge Hernǹ Zuluaga Potes  
256 |a Servicio en ln̕ea  
260 |a Colombia  |b ECOE  |c 2016 
300 |a 1 recurso electrn̤ico  
500 |a La Cartilla Impuesto al Valor Agregado 2016 desarrolla cuatro grandes temas: el Impuesto al Valor Agregado (regm̕enes, hecho generador, causacin̤ del impuesto, bienes y servicios exentos y excluidos, base gravable, tarifas y el formulario de declaracin̤); el Impuesto Nacional al Consumo (causacin̤, base gravable, bienes gravados y exclusiones); procedimiento de las devoluciones y compensaciones en el impuesto sobre las ventas (los saldos a favor y las devoluciones especiales); y la obligacin̤ de facturar (qu ̌es la obligacin̤, documentos sustitutivos y equivalentes a la factura, y la facturacin̤ electrn̤ica). El libro est ̀estructurado en secciones claramente numeradas y contiene extractos de la legislacin̤ colombiana vigente. Sirve como valiosa fuente de consulta para contadores, gerentes y emprendedores en empresas colombianas responsables del Impuesto al Valor Agregado y del Impuesto Nacional al Consumo. El lector puede consultar la legislacin̤ vigente sobre el tema en el Sistema de Informacin̤ en Ln̕ea (SIL). 
506 1 |a Contenido solo disponible en los productos indicados  |d vLex Global  |d vLex Global (Academic Edition, excluding Law Schools)  |d vLex Global (U.S. Academic Edition, Law Schools)  |d vLex Global (U.S. Academic Edition, excluding Law Schools)  |d vLex Global (Academic Edition, Law Schools) 
650 0 4 |a Derecho  |b Colombia 
740 0 |a vLex libros (servicio en ln̕ea) 
856 4 0 |u http://vlex.com/source/cartilla-impuesto-al-valor-agregado-2016-14117  |z Acceso restringido  
942 |c BOOK 
999 0 |a Law  |b Colombia